Report of the Committee of Inquiry into Hunting with Dogs in England and Wales (Record no. 100565)

MARC details
000 -LEADER
fixed length control field 01065cam a2200277 4500
001 - CONTROL NUMBER
control field L106516
008 - FIXED-LENGTH DATA ELEMENTS--GENERAL INFORMATION
fixed length control field 000000n2000 000 0 eng u
020 ## - INTERNATIONAL STANDARD BOOK NUMBER
International Standard Book Number 0101476329
035 ## - SYSTEM CONTROL NUMBER
System control number (Sirsi) u106516
041 ## - LANGUAGE CODE
Language code of text/sound track or separate title eng
050 ## - LIBRARY OF CONGRESS CALL NUMBER
Classification number 799.234
-- 18
110 ## - MAIN ENTRY--CORPORATE NAME
Corporate name or jurisdiction name as entry element Committee of Inquiry into Hunting with Dogs
9 (RLIN) 4697
245 ## - TITLE STATEMENT
Title Report of the Committee of Inquiry into Hunting with Dogs in England and Wales
260 ## - PUBLICATION, DISTRIBUTION, ETC.
Place of publication, distribution, etc. London
Name of publisher, distributor, etc. Stationery Office
Date of publication, distribution, etc. 2000
350 ## - PRICE (NR) (BK AM CF MU VM SE) [OBSOLETE]
Price 32.50
500 ## - GENERAL NOTE
General note Cmd
-- 4763
650 ## - SUBJECT ADDED ENTRY--TOPICAL TERM
Topical term or geographic name entry element REPORT OF THE COMMITTEE OF INQUIRY INTO HUNTING WITH DOGS IN ENGLAND AND WALES
690 ## - LOCAL SUBJECT ADDED ENTRY--TOPICAL TERM (OCLC, RLIN)
Topical term or geographic name as entry element PROPERTY-RURAL AND NATURAL ASSETS-SPORTING RIGHTS
700 ## - ADDED ENTRY--PERSONAL NAME
Personal name Burns of Pitshanger, Terence Burns
Titles and other words associated with a name Baron
International Standard Serial Number Chairman
700 ## - ADDED ENTRY--PERSONAL NAME
Personal name Edwards, Victoria
700 ## - ADDED ENTRY--PERSONAL NAME
Personal name Marsh
Relator term Sir, John
700 ## - ADDED ENTRY--PERSONAL NAME
Personal name Soulsby of Swaffham Prior, Ernest Jackson Lawson Soulsby
Titles and other words associated with a name Baron
700 ## - ADDED ENTRY--PERSONAL NAME
Personal name Winter, Michael
856 ## - ELECTRONIC LOCATION AND ACCESS
Uniform Resource Identifier <a href="https://www.huntinginquiry.gov.uk/mainsections/huntingreport.htm">https://www.huntinginquiry.gov.uk/mainsections/huntingreport.htm</a>
Public note View the report free of charge at www.huntinginquiry.gov.uk...
942 ## - ADDED ENTRY ELEMENTS (KOHA)
Suppress in OPAC 0
Holdings
Withdrawn status Lost status Source of classification or shelving scheme Damaged status Not for loan Home library Current library Shelving location Date acquired Cost, normal purchase price Total Checkouts Full call number Barcode Date last seen Date last checked out Copy number Cost, replacement price Price effective from Koha item type
    Dewey Decimal Classification     Virtual Virtual Online 29/06/2000 32.50 2 ONLINE PUBLICATIONS 30061706 06/08/2019 03/02/2004 1 32.50 06/08/2019 Book